01867 2200349 4500001002100000005001500021035002000036007000300056008004100059020001800100082001400118084002000132100003200152245015100184250002000335300003900355700002600394700002600420502080800446264004301254336002101297337003001318338002301348650002701371650002301398990001601421990001601437990001601453990001601469990001601485990001601501INLIS00000000000029220260430023809 a0010-0426000291ta260430 b 0 ind  a9786231357045 a306.09598 a306.09598 MAT s0 aMatthew SenangsaePengarang1 aSerial ragam pesona Nusantara Banjarmasin : asiknya berkeliling kota seribu sungai /cMatthew Senangsa ; Editor, Tim hikam;, Ilustrator, Tim hikam aCetakan Pertama a32 halaman :bilustrasi ;c23.5 cm0 aTim hikamePenyunting0 aTim hikameIlustrator aDewasa ini kesadaran dari putra-putri komponen anak bangsa mulai terkikis dan teralihkan ke visual digital pesawat genggam, budaya dan alam Nusantara yang seharusnya dilestarikan dan dijaga, menunjukkan indikasi ke arah yang semakin menurun. Bangsa Indonesia merupakan negara dengan beragam budaya dan kekayaan alam, budaya-budaya lokal yang ada di Nusantara muncul dan eksis terlebih dulu, sedangkan budaya bangsa muncul setelahnya. Kekayaan budaya dan Alam Nusantara ini menjadi situs budaya leluhur yang bernilai tinggi dan wajib diwariskan ke setiap generasi Bangsa. Dengan demikian, sudah seharusnya sebagai generasi Bangsa wajib menjaga dan melestraikannya supaya Budaya dan Alam Nusantara tersebut menjadi situs turun temurun bagi Bangsa ini. semoga menginspirasi bagi kita semua, salam literasi. aYogyakarta :bHikam media utama,c2023 2rdacontentaTeks 2rdamediaaTanpa Perantara 2rdacarrieraVolume 4aKebudayaan Banjarmasin 4aBacaan kanak-kanak aTT001094/25 aAT000543/25 aNM000601/25 aPP000754/25 aPT000805/25 aPP000964/25